Statistics for English-Speaking Countries

Click here to take the quiz!

General Stats

  • This quiz has been taken 58 times
  • The average score is 26 of 50

Answer Stats

PercentCountry% Correct
98.4Ireland
100%
98.3United
Kingdom
100%
95.5United
States
100%
92.8Australia
98%
97.8New
Zealand
96%
83.1Canada
94%
97.6Jamaica
83%
56Germany
69%
95Saint Vincent
and the
Grenadines
67%
78Saint Kitts
and Nevis
65%
83.1Singapore
65%
89Sweden
65%
87.1The Bahamas
65%
90.9Netherlands
63%
90Norway
63%
86Denmark
60%
70Finland
60%
90.9Grenada
60%
98.3Marshall
Islands
60%
98.6Barbados
58%
94Dominica
56%
87.7Trinidad and
Tobago
56%
80Antigua and
Barbuda
54%
86.4Nigeria
52%
60Belgium
50%
81.7Belize
50%
90.6Guyana
50%
92.5Palau
50%
57.7Micronesia
48%
83.6Vanuatu
46%
73Austria
44%
73Cyprus
44%
56Luxembourg
44%
89Malta
44%
96.7Nauru
44%
58.2Philippines
42%
85Israel
40%
61.3Switzerland
40%
51Greece
31%
62.6Malaysia
31%
62Sri Lanka
31%
66.7Ghana
27%
82.7Liberia
25%
87.1Suriname
25%
50Estonia
23%
83.5Sierra Leone
23%
82.1Zimbabwe
23%
59Slovenia
21%
89.9Uganda
21%
60Croatia
19%

Score Distribution

Percentile by Number Answered

Percent of People with Each Score

Your Score History

You have not taken this quiz